[Event "ESP-ch U16 rapid"]
[Site "Salobrena"]
[Date "2023.07.29"]
[Round "1"]
[White "Garrido Silos, Pablo"]
[Black "Cuadrado Carmona, Javier"]
[Result "0-1"]
[WhiteElo "1489"]
[BlackElo "1987"]
[PlyCount "66"]
[EventDate "2023.07.29"]
[EventType "swiss (rapid)"]
[EventRounds "9"]
[EventCountry "ESP"]
[SourceTitle "EXT 2024"]
[Source "ChessBase"]
[SourceDate "2023.10.10"]
[SourceVersion "1"]
[SourceVersionDate "2023.10.10"]
[SourceQuality "1"]

1. c4 Nf6 2. Nf3 g6 3. g3 Bg7 4. Bg2 0-0 5. 0-0 Re8 6. d4 d5 7. e3 c6 8. Nbd2 Bf5 9. h3 Nbd7 10. Re1 e5 11. cxd5 cxd5 12. dxe5 Nxe5 13. Nxe5 Rxe5 14. Nf3 Re8 15. Nd4 Be6 16. b3 Ne4 17. Bb2 Qd7 18. Kh2 Nxf2 19. Qd2 Ne4 20. Nxe6 Nxd2 21. Nxg7 Rac8 22. Nxe8 Qxe8 23. Re2 Ne4 24. Rd1 Qe6 25. Bxe4 Qxe4 26. Rdd2 f5 27. Bd4 a6 28. Bb2 Qf3 29. Bd4 Rc1 30. Rg2 h5 31. Bb2 Rb1 32. Bd4 Qf1 33. g4 h4 0-1